Mycoremediation : Fungal bioremediation

Mycoremediation' provides comprehensive coverage, history, and the most up-to-date account of this dynamic and emerging field. It focuses on the current status of role of fungi in biodegradation and bioremediation of various hazardous wastes and wastewaters.

সংরক্ষণ করুন:
গ্রন্থ-পঞ্জীর বিবরন
প্রধান লেখক: Singh, Harbhajan
বিন্যাস: গ্রন্থ
ভাষা:Undetermined
প্রকাশিত: Hoboken, N.J. Wiley-Interscience 2006
বিষয়গুলি:
ট্যাগগুলো: ট্যাগ যুক্ত করুন
কোনো ট্যাগ নেই, প্রথমজন হিসাবে ট্যাগ করুন!
Thư viện lưu trữ: Trung tâm Học liệu Trường Đại học Cần Thơ
LEADER 00858nam a2200217Ia 4500
001 CTU_166108
008 210402s9999 xx 000 0 und d
020 |c 137.36 
082 |a 628.5 
082 |b S617 
100 |a Singh, Harbhajan 
245 0 |a Mycoremediation : 
245 0 |b Fungal bioremediation 
245 0 |c Harbhajan Singh 
260 |a Hoboken, N.J. 
260 |b Wiley-Interscience 
260 |c 2006 
520 |a Mycoremediation' provides comprehensive coverage, history, and the most up-to-date account of this dynamic and emerging field. It focuses on the current status of role of fungi in biodegradation and bioremediation of various hazardous wastes and wastewaters. 
650 |a Fungal remediation,Tiêu diệt nấm mốc 
904 |i Ngọc Mai, Bạch Trúc 
980 |a Trung tâm Học liệu Trường Đại học Cần Thơ